01456nam a2200289 a 4500001001900000003000400019005001700023008004100040035002500081035002100106040002400127080002000151080001300171111009800184245031300282256003600595260004200631300004200673500011100715500004900826538008300875650004000958650004900998710002601047710004201073710005101115991013247609706706OSt20211227142709.0020718s2001 spc|||||s 100 ||cat|c a(ES-BaCBU).b28230164 a(OCoLC)807438384 aES-BaCBUbcatcCDMR a654.17/.19(063) a778(063)2 aJornada Parlamentària sobre Mitjans de Comunicació Audiovisualn(4a :d2001 :cBarcelona)13aEls Valors del servei públic audiovisual en l'era de la liberalitzacióh[Recurs electrònic] :bQuarta Jornada Parlamentària sobre Mitjans de Comunicació Audiovisual : 19 de març de 2001 /cParlament de Catalunya, Consell de l'Audiovisual de Catalunya, Corporació Catalana de Radio i Televisió aDades d'imatges electròniques a[Barcelona] :bIdea Alliance,c[2001] a1 disc òptic (CD-ROM) :bso;c12 cm aRecull els vídeos de l'obertura, les ponències, els debats, les conclusions i la cloenda de la Jornada aTítol obtingut de la superfície del disc aRequeriments del sistema: PC o Mac amb navegador de HTML, Windows Media Player04aAudiovisualszCatalunyaxCongressos04aTelevisió públicazCatalunyaxCongressos1 aCatalunya.bParlament2 aConsell de l'Audiovisual de Catalunya2 aCorporació Catalana de Ràdio i Televisió